| 000 | 00424nam a2200181Ia 4500 | ||
|---|---|---|---|
| 999 |
_c6988 _d6988 |
||
| 001 | 5748 | ||
| 003 | PK-LaUMT | ||
| 005 | 20221228143236.0 | ||
| 008 | 140319s9999 xx 000 0 und d | ||
| 020 | _a0-7494-2349-8 | ||
| 040 | _cPK-LaUMT | ||
| 082 |
_a 153.12 _bFRY-I |
||
| 100 | _aFry, Ron | ||
| 245 |
_aImprove your memory _cFry, Ron |
||
| 260 |
_aLondon,UK: _bKogan Page, _c1997 |
||
| 546 | _aEN | ||
| 942 |
_cSTK1999 _2ddc |
||